000 00311nam a22001457a 4500
008 210312b ||||| |||| 00| 0 eng d
020 _a9780131217539
041 _aeng
080 _25th
_a316
082 _25th
_a316
100 _a50
101 _aSOC
245 _aSociology
_cMacionis,J.J
942 _2udc
_cBK
999 _c56611
_d56611